Score 0/25 Timer 03:00
0 Plays Today
A-Z Book Missing Word % Correct
The _____ GatsbyGreat
98.3%
________ FarmAnimal
98.1%
_____-22Catch
95.2%
The Catcher in the ___Rye
95.1%
A Clockwork ______Orange
93.1%
The Grapes of _____Wrath
92.3%
_____ New WorldBrave
91.9%
All the ____'s MenKing
90.6%
A Room with a ____View
87.9%
From Here to _________ Eternity
79%
A ________ to ArmsFarewell
78.2%
The ________ FalconMaltese
76.8%
______ of CancerTropic
75.1%
A-Z Book Missing Word % Correct
_____ of DarknessHeart
70.7%
A Portrait of the Artist as a _____ ManYoung
68.6%
The Age of __________Innocence
67.8%
The _____ and the FurySound
61.4%
The Prime of Miss ____ BrodieJean
52.9%
_____ the VolcanoUnder
50.7%
To the __________Lighthouse
28.3%
The _____ and the DeadNaked
25.6%
A Handful of ____Dust
22.3%
____ FirePale
13.1%
The Alexandria ________Quartet
10.4%
_______ DobsonZuleika
4.3%

Today's Daily Dose

Missing Word
'T' Pairs

Word Ladder
Game Pieces

Get the Picture
Baseball Movies

Remove Ads.
Support Sporcle.
Get the best of Sporcle when you Go Orange. This ad-free experience offers more features, more stats, and more fun while also helping to support Sporcle. Thank you for becoming a member.

You're not logged in!

Compare scores with friends on all Sporcle quizzes.
OR
Log In

Show Comments

Extras

Top Quizzes Today


Score Distribution

Your Account Isn't Verified!

In order to create a playlist on Sporcle, you need to verify the email address you used during registration. Go to your Sporcle Settings to finish the process.

Report this User

Report this user for behavior that violates our Community Guidelines.

Details: